| 000 | 00601cab a2200217 4500 | ||
|---|---|---|---|
| 001 | X98915 | ||
| 008 | 090401t1999 xxu||||| |||| 00| 0 eng d | ||
| 035 | _a(Sirsi) u93663 | ||
| 041 | _aeng | ||
| 245 | _aR v Falmouth and Truro Port Health Authority, ex parte South West Water Ltd | ||
| 260 | _c1999 | ||
| 350 | _a0 | ||
| 490 |
_aNew Property Cases _v[1999] NPC 49 |
||
| 650 | _aABATEMENT NOTICE | ||
| 650 | _aPUBLIC HEALTH | ||
| 650 | _aR V FALMOUTH AND TRURO PORT HEALTH AUTHORITY | ||
| 650 | _aWATER | ||
| 690 | _aENVIRONMENTAL AND LAND CONSULTANCY | ||
| 942 | _n0 | ||
| 948 | _c01/06/1999 | ||
| 999 |
_c59361 _d59361 |
||